Las radiaciones nucleares /

Guardado en:
Autor Principal: Lefort, Marc
Formato: Libro
Publicado: Argentina : Eudeba, 1965
Edición:2a. ed.
Materias:
Etiquetas: Agregar Etiqueta
Sin Etiquetas, Sea el primero en etiquetar este registro!
LEADER 00474nam a22001815a 4500
001 CEM.cems003791
005 19000101000000.0
008 130507s1965##################000#0#####d
003 CEMS
082 0 4 |a 539.72 
100 1 |a Lefort, Marc 
245 1 0 |a Las radiaciones nucleares / 
250 |a 2a. ed. 
260 |a Argentina :  |b Eudeba,  |c 1965 
300 |a 63 p. 
653 |a Fisica 
653 |a Radiaciones nucleares 
859 |a CEMS  |b BIB. CEMS - 11 de abril  |h 539.72  |i L52a2  |p 7545.80  |t Ej.1